MDQL
is popping MORE tags! Check the
thread
!
Quizzes
Events
Quiz Creation
Community
Videos
Private Events
Remove Ads
Sign In
Join for FREE
Feedback
Dark Mode
Quiz Categories
Sports
Geography
Music
Movies
Television
Just For Fun
Miscellaneous
History
Literature
Language
Science
Gaming
Entertainment
Religion
Holiday
For Kids
Quiz Lab
Recent
Popular Today
Quiz Kudos Today
Editor Picks
Curator Picks
Quizzes by...
Day
Popularity
Type
Ratings
Length
Year
Community
Subscriptions
Recent Discussions
Orange Saloon
Badges
Playlists
Quests
Create
Leaderboards
Showdown
Live 5
Trivia Bingo
Activity
Puzzle Library
Sporcle Events
Private Events
Virtual Trivia
Globe League
Become a Host
Pub Owners
SporcleCon
Opinionation
Our Games
Videos
Blog
Mobile Apps
Partnerships
Remove Ads and Go Orange
Feedback
Sports
Athletes
MLB
NBA
NHL
NFL
Soccer
Sports Teams
WWE
NCAA
Football
Premier League
Basketball
Baseball
Hockey
Golf
Tennis
Cricket
Rugby
Auto Racing
Olympics
World Cup
Sports
Athletes
MLB
NBA
NHL
NFL
Soccer
Sports Teams
WWE
NCAA
Football
Premier League
Basketball
Baseball
Hockey
Golf
Tennis
Cricket
Rugby
Auto Racing
Olympics
World Cup
Random Quiz
Search Sporcle
×
Quiz Lab
Quiz Lab
Sports
NFL
Type in answers that appear in a list
Type in answers that appear in a list
Classic
Best Score? Go Orange.
NFL HOF's Inducted 1st Year of Eligibility Stats
Can you name the NFL Hall of Famers who were inducted in their first year of eligibility?
By
CoolerKing
10m
62 Questions
431 Plays
431 Plays
431 Plays
Comments
Comments
Give Quiz Kudos
Give Quiz Kudos
-
- Ratings
hide this ad
Replay
Link that replays current quiz
Next Quiz
Link to next quiz in quiz playlist
You Got
0%
They Got
Avg Score
69%
Avg Friend Score
Upgrade to see
Score Distribution
Jump to the score distribution portion of the page
Score
0/62
Timer
10:00
0
Plays Today
Year Inducted
Inductee
% Correct
2000
Joe Montana
96.5%
2005
Dan Marino
95.6%
2009
Bruce Smith
94.7%
2004
John Elway
94.2%
1999
Lawrence Taylor
94%
2005
Steve Young
93.3%
2004
Barry Sanders
93%
2006
Troy Aikman
93%
2002
Jim Kelly
92.3%
1994
Randy White
91.6%
2006
Reggie White
91.6%
2006
Warren Moon
90.7%
1971
Jim Brown
90.5%
1989
Terry Bradshaw
90.5%
1999
Eric Dickerson
90.5%
1984
Willie Brown
90.3%
1993
Walter Payton
90.3%
2003
Marcus Allen
88.4%
2008
Darrell Green
86.8%
2009
Rod Woodson
85.4%
1998
Mike Singletary
84.9%
1985
O.J. Simpson
84.7%
1979
Johnny Unitas
84.2%
1993
Dan Fouts
82.8%
1997
Don Shula
82.4%
1990
Franco Harris
81.9%
1977
Bart Starr
80.7%
1991
Earl Campbell
80.7%
2000
Ronnie Lott
80.7%
1990
Tom Landry
79.4%
1995
Steve Largent
78.4%
Year Inducted
Inductee
% Correct
1994
Tony Dorsett
77.5%
1987
Joe Greene
77%
1993
Chuck Noll
76.1%
1977
Gale Sayers
74.9%
1998
Anthony Muñoz
73.1%
1979
Dick Butkus
72.9%
1990
Jack Lambert
70.5%
1980
Deacon Jones
69.4%
2007
Bruce Matthews
68.9%
1988
Jack Ham
66.4%
1981
George Blanda
65%
1989
Mel Blount
60.1%
1978
Lance Alworth
55.9%
1973
Raymond Berry
53.8%
1982
Merlin Olsen
53.6%
1987
Gene Upshaw
51.3%
1991
John Hannah
50.8%
1978
Ray Nitschke
47.6%
1983
Paul Warfield
47.3%
1980
Bob Lilly
46.9%
1980
Jim Otto
42%
2001
Jackie Slater
41.5%
1991
Jan Stenerud
41.3%
1977
Forrest Gregg
37.1%
1978
Larry Wilson
34.8%
1985
Ken Houston
32.9%
1972
Gino Marchetti
30.9%
1973
Jim Parker
26.9%
1987
Jim Langer
22.7%
1970
Hugh McElhenny
19.3%
1972
Ollie Matson
13.7%
Quiz Playlist
Details
Report
Send in Message
Add To Playlist
Classic:
Type in answers that appear in a list
Last Updated: Feb 16, 2017
Quiz Scoreboard
CHALLENGE
Sign Up to Join the Scoreboard
Show All
Scores
Hide
Comments
May contain spoilers
Recently Published
1-10 Letter E Words III
by El_Dandy
Language
2m
Street Fighter Characters
by Artimus82
Gaming
60s
College Basketball Coaching Resumes
by pancakes188
Sports
9m
More to Explore
Quiz From the Vault
Featured Blog Post
Where Did the Easter Bunny Come From?
hide this ad
You Might Also Like...
Tags
NFL Quiz
Eligibility
Famer
hall
hof
Inducted
inductee
position
team
Today's Top Quizzes in Sports
Browse Sports
hide this ad
Today's Top Quizzes in NFL
Browse NFL
Top Contributed Quizzes in Sports
1
2022 World Cup Stars
2
Les meilleurs buteurs des matchs entre le PSG et l’OM
3
FIFA Club World Cup Champions
4
Les entraîneurs de l'OM et du PSG au 21e siècle
5
Criteria MLB: Left Handed Sluggers
6
2023 MLB Unique Player Accomplishments
7
AFC Teams Reveal (Wrong Answers Minefield)
8
Players with Multiple 50 Home Run Seasons
9
5-to-1: FBS Animal Nicknames
10
5-to-1: UK Sports Teams
Explore More
Trending Topics
Anime
Marvel
Disney
Crossword
Harry Potter
NBA
Kpop
Country
The Office
Soccer
Song
Pokémon
WWE
Puzzle
NFL
hide this ad
More By:
CoolerKing
Quiz
Plays
Rating
Category
Featured
Created
SI's Top 32 Greatest Running Backs
6,991
3.62
Sports
Aug 13, 2010
Bart Simpson's Crank Calls to Moe
1,576
4.53
Television
Feb 1, 2010
SI's Top 32 Greatest Recievers
1,269
3.33
Sports
Aug 20, 2010
2008 Redeem Team
1,185
3.00
Sports
Jun 12, 2010
Sports Illustrated's Most Hated Teams
611
4.00
Sports
Jul 28, 2010
Go to Creator's Profile
Score Distribution
Quiz Creator Spotlight
CoolerKing
Follow
Send a Message
Quizzes Created
-
Created Quiz Play Count
-
More By This Creator
Popular Quizzes Today
1
Find the US States - No Outlines Minefield
2
Find the Countries of Europe - No Outlines Minefield
3
The Countries of the World
4
Find the US States
5
Risky Map Clicking: Biggest States A-Z
6
US States
7
Popular People in 1961
8
Movies - When Are They Set?
More Sports Quizzes
Same Super Bowl, Different Team
Published
Trending Quizzes
Risky Map Clicking: Least Populous States A-Z
Billboard Blitz: Aretha Franklin
1-10 Letter G Words
Countries of the World: 200 Million BC
1-10 Letter F Words
Recently Updated
Leaping Animals
pecheneg
Reality TV Shows (A-Z)
bhenderson79
Rickey Henderson's Hall of Fame Teammates
pecheneg
Champions League XIs: Arsenal
pecheneg
Quick Pick: Celebrities in WWE's Hall of Fame
aduchscher
A-Z Keypad Blitz II
pecheneg
Multiple Oscar Actors
pecheneg
Mystery Phrase Blitz: Oscar 'Best Actors'
pecheneg
F. Scott Fitzgerald Novels
LTH
Pick 3 Villains
ddd62291
Trending Topics
Marvel
Anime
NBA
Disney
Crossword
Kpop
Harry Potter
Song
Country
Pokémon
NFL
Puzzle
WWE
The Office
Soccer
Your Account Isn't Verified!
In order to create a playlist on Sporcle, you need to verify the email address you used during registration. Go to your
Sporcle Settings
to finish the process.
Report this User
Report this user for behavior that violates our
Community Guidelines
.
Details:
Send Report
Go to the Sporcle.com Mobile Site →
Comments